Wybrane problemy projektowania i eksploatacji systemów informatycznych

Guardado en:
Detalles Bibliográficos
Formato: Libro
Lenguaje:polaco
inglés
Publicado: Lódz Wydawnictwo Uniwersytetu Lódzkiego 1992
Edición:1. wyd.
Colección:Folia Oeconomica 119
Materias:
Etiquetas: Agregar Etiqueta
Sin Etiquetas, Sea el primero en etiquetar este registro!

MARC

LEADER 00000nam a2200000 4500
001 c014155
005 20221206083712.9
041 0 |a pol 
041 0 |a eng 
044 |a PL 
245 1 0 |a Wybrane problemy projektowania i eksploatacji systemów informatycznych 
250 |a 1. wyd. 
264 1 |a Lódz  |b Wydawnictwo Uniwersytetu Lódzkiego  |c 1992 
300 |a 121 s. 
490 1 |a Folia Oeconomica  |v 119 
830 0 |a Folia Oeconomica  |v 119 
610 2 0 |a systémy informačné 
610 2 0 |a projektovanie 
610 2 0 |a kontrola 
610 2 0 |a modely simulačné 
610 2 0 |a dáta 
610 2 0 |a proces informačný 
610 2 0 |a automatizácia